[Event "Bretagne op-B"]
[Site "Queven"]
[Date "1999.??.??"]
[Round "5"]
[White "Dessaux, David"]
[Black "Thomas, Erwan"]
[Result "1-0"]
[WhiteElo "1420"]
[BlackElo "1010"]
[PlyCount "47"]
[EventDate "1999.06.??"]
[EventType "swiss"]
[EventRounds "7"]
[EventCountry "FRA"]
[SourceTitle "EXT 2001"]
[Source "ChessBase"]
[SourceDate "2000.11.22"]
[SourceVersion "1"]
[SourceVersionDate "2000.11.22"]
[SourceQuality "1"]

1. d4 d5 2. c4 Nf6 3. Nc3 Be6 4. Nf3 dxc4 5. Bg5 h6 6. Bxf6 exf6 7. e4 Qd7 8. d5 Bg4 9. Bxc4 Bc5 10. Bb5 c6 11. Ba4 Qc7 12. 0-0 0-0 13. Qd3 Bd6 14. Bc2 Be5 15. Nxe5 fxe5 16. Rac1 Qb6 17. Qg3 Bd7 18. Bb3 cxd5 19. Nxd5 Rc8 20. Rxc8+ Bxc8 21. Nxb6 axb6 22. Qxe5 Nd7 23. Qe8+ Kh7 24. Bxf7 1-0

[Event "Bretagne op-B"]
[Site "Queven"]
[Date "1999.??.??"]
[Round "3"]
[White "Thomas, Erwan"]
[Black "Blanchard, Steevy"]
[Result "0-1"]
[WhiteElo "1010"]
[BlackElo "1510"]
[PlyCount "76"]
[EventDate "1999.06.??"]
[EventType "swiss"]
[EventRounds "7"]
[EventCountry "FRA"]
[SourceTitle "EXT 2001"]
[Source "ChessBase"]
[SourceDate "2000.11.22"]
[SourceVersion "1"]
[SourceVersionDate "2000.11.22"]
[SourceQuality "1"]

1. e4 c5 2. Nf3 d6 3. d4 cxd4 4. Nxd4 Nf6 5. Nc3 a6 6. Bd3 e6 7. 0-0 Be7 8. Bg5 h6 9. Bxf6 Bxf6 10. Nf3 Qc7 11. Qd2 0-0 12. Rfe1 Nc6 13. Qf4 b5 14. Rab1 Ne7 15. e5 dxe5 16. Nxe5 Nc6 17. Qe4 g6 18. Nxc6 Bb7 19. Bxb5 axb5 20. Nxb5 Qxc6 21. Qxc6 Bxc6 22. Nc7 Ra7 23. Nxe6 fxe6 24. Rxe6 Bd5 25. Rd6 Be4 26. Rd2 Rxa2 27. f3 Bf5 28. g4 Bc8 29. b3 Rb2 30. Rxb2 Bxb2 31. c4 Bc3 32. Rd3 Bb4 33. Kg2 Bb7 34. Kg3 Be1+ 35. Kg2 Bh4 36. Rd6 Bxf3+ 37. Kh3 Bf6 38. Kg3 Be5+ 0-1

[Event "Bretagne op-B"]
[Site "Queven"]
[Date "1999.??.??"]
[Round "7"]
[White "Thomas, Erwan"]
[Black "Drean, David"]
[Result "0-1"]
[WhiteElo "1010"]
[BlackElo "1100"]
[PlyCount "64"]
[EventDate "1999.06.??"]
[EventType "swiss"]
[EventRounds "7"]
[EventCountry "FRA"]
[SourceTitle "EXT 2001"]
[Source "ChessBase"]
[SourceDate "2000.11.22"]
[SourceVersion "1"]
[SourceVersionDate "2000.11.22"]
[SourceQuality "1"]

1. e4 e6 2. d4 d5 3. Nc3 Nf6 4. e5 Nfd7 5. Bb5 c5 6. Nf3 a6 7. Bg5 f6 8. Bxd7+ Bxd7 9. Bf4 Nc6 10. 0-0 cxd4 11. Nxd4 fxe5 12. Nxc6 Bxc6 13. Bxe5 Bd6 14. Bxg7 Rg8 15. Qh5+ Kd7 16. Qxh7 d4 17. Bf6+ Be7 18. Bxe7 Rxg2+ 19. Kh1 Rg7+ 20. f3 Qxe7 21. Qd3 e5 22. Rfe1 Rf7 23. Ne4 Bb5 24. Qb3 Bc6 25. Rad1 Raf8 26. c3 Kc7 27. Qb4 Qxb4 28. cxb4 Rxf3 29. Rc1 Kb8 30. Re2 d3 31. Ree1 d2 32. Nxd2 Rf1# 0-1